تخطي إلى المحتوى

Информационные технологии в профессиональной деятельности социологов Учебник

В учебнике изложены основные сведения необходимые для освоения информационных технологий и эффективного использования их в профессиональной деятельности современного специалиста. Все теоретические положения сопровождаются доступными примерами проиллюстрированы скриншотами экрана компьютера таблицами...

وصف كامل

محفوظ في:
التفاصيل البيبلوغرافية
المؤلف الرئيسي: Онокой Л. С.
التنسيق: Учебник
الطبعة:1
سلاسل:Высшее образование: Бакалавриат (Финуниверситет)
الوصول للمادة أونلاين:https://znanium.com/catalog/document?id=379937
https://znanium.com/cover/1415/1415369.jpg
الوسوم: إضافة وسم
لا توجد وسوم, كن أول من يضع وسما على هذه التسجيلة!
LEADER 03702nam0a2200337 i 4500
001 RU\infra-m\znanium\bibl\1415369
003 https://znanium.com/catalog/document?id=379937
005 20230515000000.0
010 |a 978-5-16-016959-0 
010 |a 978-5-16-109535-5  |b электр. издание 
100 |a 20230515d2021 m y0rusy0150 ca 
101 0 |a rus 
102 |a RU 
200 1 |a Информационные технологии в профессиональной деятельности социологов  |e Учебник  |f Финансовый университет при Правительстве Российской Федерации  |g Российский государственный социальный университет 
205 |a 1 
210 1 |a Москва  |c ООО "Научно-издательский центр ИНФРА-М"  |d 2021 
215 |a 344 с. 
225 1 |a Высшее образование: Бакалавриат (Финуниверситет) 
330 |a В учебнике изложены основные сведения необходимые для освоения информационных технологий и эффективного использования их в профессиональной деятельности современного специалиста. Все теоретические положения сопровождаются доступными примерами проиллюстрированы скриншотами экрана компьютера таблицами и рисунками. Особое внимание уделяется рассмотрению теоретических положений и практических методов работы положенных в основу функционирования наиболее распространенных прикладных программ используемых в профессиональной деятельности социологов. Соответствует требованиям федеральных государственных образовательных стандартов высшего образования последнего поколения. Предназначен для студентов и преподавателей высших учебных заведений а также может быть полезен специалистам различного профиля осваивающим информационные технологии. 
333 |a ВО - Бакалавриат 
606 |a Политика. Социология  |x Социология  |2 local 
608 |a Учебник  |2 local 
675 |a [316+004](075.8)  |z rus 
686 |a 60.5:32.973я73  |2 rubbk 
686 |a 39.03.01  |2 okso 
700 1 |a Онокой  |b Л. С.  |g Людмила Сергеевна  |p Финансовый университет при Правительстве Российской Федерации 
701 1 |a Титов  |b В. М.  |g Виктор Михайлович  |p Российский государственный социальный университет 
712 0 2 |a Российский государственный социальный университет 
801 0 |a RU  |b Общество с ограниченной ответственностью «ЗНАНИУМ»  |c 20210324  |2 rusmarc 
856 4 |a znanium.com  |m ebs_support@infra-m.ru  |n НИЦ ИНФРА-М  |u https://znanium.com/catalog/document?id=379937 
856 4 1 |a znanium.com  |d /cover/1415  |f 1415369.jpg  |q image/jpeg  |u https://znanium.com/cover/1415/1415369.jpg